| 000 | 01086nam a2200325 c 4500 | ||
|---|---|---|---|
| 003 | BLK | ||
| 005 | 20190103100121.0 | ||
| 008 | 180408b bul|||||r ||||||| ||bul|| | ||
| 010 | _aKNG00053909000 | ||
| 020 |
_a3-88532-681-7 _bиздат.: Verl. fur Deutsch - на том |
||
| 040 | _aBLK | ||
| 041 |
_aDEU _cDEU |
||
| 080 |
_aНемски език (високонемски, стандартен писмен) _b811.112.2 _x-5(075.4) _z811.112.2-5(075.4) |
||
| 100 | 1 |
_aBuscha, Joachim _eпърви автор _9368417 |
|
| 139 |
_aBuscha, Joachim _bB 97 |
||
| 245 | 1 | 0 |
_aGrammatik in Feldern _cJoachim Buscha. _p[Lehrbuch] |
| 257 | _aDEU | ||
| 260 |
_аIsmaning _c1999 |
||
| 300 | _c24 cm | ||
| 380 | _a80 | ||
| 650 | 4 |
_aНемски език - граматика _9244518 |
|
| 653 | _aнемски език | ||
| 653 | _aграматика | ||
| 760 | 1 |
_3- на том _aBuscha, Joachim _dVerl. fur Deutsch _h336 c. _t [Lehrbuch] |
|
| 852 | _aЦб 204659 | ||
| 856 | 4 |
_qpdf _u |
|
| 856 | 4 |
_qpdf _u |
|
| 942 |
_cKNG _n0 _01 |
||
| 944 |
_aCR _c01.01.1999 _kТеодора_Стоянова |
||
| 944 |
_aED _c28.06.2010 _k |
||
| 999 |
_c50042 _d50042 |
||